| 000 | 01197nab a22002297a 4500 | ||
|---|---|---|---|
| 999 |
_c5890 _d5890 |
||
| 003 | OSt | ||
| 005 | 20260109232656.0 | ||
| 008 | 190605e xxu||||| |||| 00| 0 spa d | ||
| 040 | _cPJ | ||
| 100 |
_96169 _aMosquera, Gerardo Raúl |
||
| 245 | 1 | 3 |
_aLa situación de la conviviente ante la muerte del trabajador. Necesidad de interpretar con perspectiva de género / _cGerardo R. Mosquera. |
| 260 |
_aCiudad Autónoma de Buenos Aires : _bThomson Reuters La Ley, _c2023. |
||
| 300 | _ap. 52-61 | ||
| 500 | _aCita: TR LALEY AR/DOC/1348/2023. | ||
| 505 | _aSumario: I. Introito.— II. La muerte del trabajador y la legitimación en el cobro de los créditos laborales.— III. Supuestos posibles.— IV. Necesidad de realidad una interpretación con perspectiva de género — V. A modo de síntesis. | ||
| 505 | _t¿Te interesa el texto completo? Solicitalo al correo: koha@justierradelfuego.gov.ar | ||
| 650 | 0 |
_91316 _aDERECHO LABORAL |
|
| 650 | 0 |
_94947 _aMUERTE DEL TRABAJADOR |
|
| 650 | 0 |
_94044 _aPERSPECTIVA DE GÉNERO |
|
| 773 | 0 |
_02711 _93168 _dCiudad Autónoma de Buenos Aires : Thomson Reuters La Ley, 1999-2002. _tRevista de derecho del trabajo. Nº 4 - Julio 2023 |
|
| 942 |
_2udc _cANA |
||